01088nam a2200241Ia 450000100060000000300090000600800410001504000130005604000130006904100130008210000190009510000290011424500310014324500310017425000110020526000100021626000100022626000490023630000430028550004720032865000150080065000310081537541IT-RoPAU130308s9999 xx 000 0 und d aIT-RoPAU cIT-RoPAU aFRANCESE aBarthes Roland gCodice Aut. SPICS: 9514 aAventure semiologique (L') bAventure semiologique (L') a1a ed. aPARIS bSeuil c1985 [1° Ed.:1985 - Ed.Ling.Originale:1985] a"364 p. (prefazione: no ; testo: 364)" aAvventura semiologica Elementi di Semiologia Retorica Antica Introduzione All'Analisi Strutturale dei Racconti Saussure Segno e Democrazia Sociologia e Socio Logica a Proposito di Due Opere recenti di Claude Levi Strauss Messaggio pubblicitario Semantica dell'Oggetto Semiologia e Urbanesimo Semiologia e medicina Analisi Strutturale del Racconto degli Atti 10,11 Analisi Testuale della lotta con L'Angelo Genesi 32,23 33 Analisi Testuale di un Racconto di Edgar Poe aSEMIOLOGIA eCodice materia Spics: 3251